[Event "Tourn. n10089"]
[Site "www.echecsemail.com"]
[Date "2019.05.03"]
[Round "1"]
[White "Cathar"]
[Black "Ff333"]
[WhiteElo "2180"]
[BlackElo "2000"]
[Result "1-0"]
[Round "1"]
1.d4 d5
2.c4 e6
3.Nb1c3 Bf8b4
4.a3 Bb4xc3
5.bxc3 Ng8f6
6.e3 Nf6e4
7.Qd1c2 O-O
8.Ng1h3 b6
9.f3 Ne4d6
10.cxd5 exd5
11.Bf1d3 g6
12.Nh3f2 Nb8c6
13.O-O Rf8e8
14.e4 dxe4
15.fxe4 Nc6a5
16.e5 Nd6c4
17.Nf2e4 Kg7
18.Bc1g5 Qd8d5
19.Bg5f6 Kg8
20.Qc2c1 Re8e6
21.Qc1h6 { resign }
1-0

[Event "Tourn. n10092"]
[Site "www.echecsemail.com"]
[Date "2019.05.03"]
[Round "1"]
[White "Coolant"]
[Black "Cathar"]
[WhiteElo "2320"]
[BlackElo "2160"]
[Result "0-1"]
[Round "1"]
1.Nb1c3 e5
2.Ng1f3 Nb8c6
3.e4 Ng8f6
4.Bf1b5 Nc6d4
5.Nf3xe5 Bf8c5
6.O-O O-O
7.Ne5d3 Bc5b6
8.e5 Nf6e8
9.Bb5c4 c6
10.Nc3e2 d5
11.exd6 Bc8g4
12.Nd3e5 Bg4h5
13.d7 Ne8d6
14.c3 Nd6xc4
15.cxd4 Nc4xe5
16.dxe5 Qd8xd7
17.Qd1e1 Rf8e8
18.Ne2g3 Bh5g6
19.d4 Qd7xd4
20.Bc1e3 Qd4xe5
21.Be3xb6 axb6
22.Qe1b4 Qe5a5
23.Qb4b3 b5
24.h4 Ra8d8
25.Rf1d1 Qa5a4
26.Qb3xa4 bxa4
27.a3 Bg6c2
28.Rd1e1 Kf8
29.Ra1c1 Bc2b3
30.Kf1 Rd8d2
31.Ng3e4 Rd2xb2
32.Ne4d6 Re8xe1
33.Rc1xe1 Bb3e6
34.f4 Ke7
35.Nd6c4 Rb2c2
36.Nc4b6 Kf6
37.Nb6xa4 Kf5
38.g3 Kg4
39.Re1e3 Be6c4
40.Kg1 Bc4d5
41.Na4c3 Bd5f3
{ resign }
0-1

[Event "Tourn. n10103"]
[Site "www.echecsemail.com"]
[Date "2019.05.03"]
[Round "1"]
[White "Cathar"]
[Black "Szustan"]
[WhiteElo "2200"]
[BlackElo "2620"]
[Result "0-1"]
[Round "1"]
1.d4 d5
2.c4 dxc4
3.e4 e5
4.Ng1f3 Nb8c6
5.d5 Nc6b8
6.Bf1xc4 Bf8d6
7.Nb1c3 Ng8f6
8.O-O O-O
9.Bc1g5 h6
10.Bg5h4 Nb8d7
11.Rf1e1 a6
12.Ra1c1 b5
13.Bc4f1 Nd7b6
14.Nc3b1 Bc8d7
15.Nb1d2 Ra8c8
16.Nd2b3 c5
17.dxc6 Rc8xc6
18.Bh4xf6 Qd8xf6
19.Nb3a5 Rc6xc1
20.Qd1xc1 Bd6b4
{ resign }
0-1

[Event "Tourn. n10110"]
[Site "www.echecsemail.com"]
[Date "2019.05.03"]
[Round "1"]
[White "Souricette64"]
[Black "Bojan"]
[WhiteElo "2030"]
[BlackElo "2060"]
[Result "0-1"]
[Round "1"]
1.d4 c6
2.e4 Qd8c7
3.c3 e5
4.Ng1f3 d6
5.dxe5 dxe5
6.Bf1c4 h6
7.h3 Nb8d7
8.a4 Nd7c5
9.Qd1e2 Ng8f6
10.Nb1d2 Bf8e7
11.O-O a6
12.b4 Nc5d7
13.Rf1e1 Nd7f8
14.Nd2f1 Nf8e6
15.Nf1g3 g6
16.a5 Bc8d7
 { time }
0-1

[Event "Tourn. n10045"]
[Site "www.echecsemail.com"]
[Date "2019.05.03"]
[Round "1"]
[White "Gandalf50"]
[Black "Seger"]
[WhiteElo "2240"]
[BlackElo "2760"]
[Result "1/2-1/2"]
[Round "1"]
1.e4 c5
2.b3 g6
3.Bc1b2 Ng8f6
4.e5 Nf6d5
5.Qd1f3 Nd5b4
6.Bf1c4 e6
7.Nb1a3 Nb8c6
8.Qf3f6 Qd8xf6
9.exf6 d5
10.Bc4e2 e5
11.c3 Nb4a6
12.h4 Na6c7
13.Na3c2 h5
14.Ng1f3 Bc8g4
15.d4 cxd4
16.cxd4 Bg4xf3
17.gxf3 exd4
18.f4 Nc7e6
19.f5 gxf5
20.O-O-O Bf8c5
21.b4 Bc5xb4
22.Nc2xd4 Ne6xd4
23.Bb2xd4 Kd7
24.Bd4b2 Ke6
25.Rh1h3 Bb4c5
26.Rh3f3 Ra8c8
27.Be2d3 Nc6d4
28.Bb2xd4 Bc5xd4
29.Kb1 Rc8c3
30.Bd3xf5 Ke5
31.Rd1e1 Kd6
32.Rf3xc3 Bd4xc3
33.Re1e7 Bc3xf6
34.Re7xb7 Rh8f8
35.Rb7xa7 Bf6xh4
36.f4 Bh4g3
37.a4 Bg3xf4
38.Bf5h3 Bf4e3
39.Ra7d7 Ke5
40.a5 f5
41.a6 h4
42.Bh3g2 Ke6
43.Rd7h7 Rf8a8
44.Bg2f1 Be3f2
45.Kc2 Ke5
46.Kd2 Kf6
47.Rh7d7 Ra8h8
48.Bf1h3 Ke6
49.Rd7g7 Kf6
50.Rg7d7 Ke6
51.Rd7g7 Rh8a8
52.Rg7g5 Ra8f8
53.Rg5h5 Ke5
54.Ke2 Bf2d4
55.Kd3 Bd4f2
56.Ke2 Bf2c5
57.Rh5xh4 Rf8b8
{ draw }
1/2-1/2

[Event "Tourn. n10099"]
[Site "www.echecsemail.com"]
[Date "2019.05.03"]
[Round "1"]
[White "Drawlward"]
[Black "Lenyb"]
[WhiteElo "2700"]
[BlackElo "2439"]
[Result "1/2-1/2"]
[Round "1"]
1.e4 c5
2.Nb1c3 Nb8c6
3.g3 g6
4.Bf1g2 Bf8g7
5.d3 e6
6.Bc1e3 d6
7.Qd1d2 Ng8f6
8.Be3h6 Bg7xh6
9.Qd2xh6 e5
10.Ng1e2 Nc6d4
11.Qh6d2 O-O
12.O-O Kg7
13.f4 Qd8b6
14.b3 Bc8d7
15.h3 Ra8e8
16.Kh2 Bd7c6
17.Ne2xd4 cxd4
18.Nc3e2 Re8c8
19.g4 Bc6d7
20.g5 Nf6g8
21.f5 f6
22.gxf6 Ng8xf6
23.Ne2g3 Qb6d8
24.Ra1c1 Nf6e8
25.Qd2e1 Rf8f7
26.c3 dxc3
27.Rc1c2 Rc8c6
28.Rf1f3 a6
29.a3 Ne8c7
30.a4 b5
31.Rc2xc3 Rc6xc3
32.Qe1xc3 bxa4
33.bxa4 Bd7xa4
34.Qc3d2 Nc7e8
35.d4 Qd8e7
36.Bg2f1 Ba4b5
37.Bf1xb5 axb5
38.Rf3d3 Ne8f6
{ draw }
1/2-1/2

[Event "Tourn. n10109"]
[Site "www.echecsemail.com"]
[Date "2019.05.04"]
[Round "1"]
[White "Picifarkinca"]
[Black "Bojan"]
[WhiteElo "2070"]
[BlackElo "2030"]
[Result "0-1"]
[Round "1"]
1.d4 c6
2.e4 d5
3.exd5 cxd5
4.c4 Ng8f6
5.Nb1c3 dxc4
6.Bf1xc4 a6
7.a4 e6
8.Ng1f3 Bf8b4
9.O-O Qd8a5
10.Qd1c2 Nb8d7
11.Rf1d1 Nd7b6
12.Bc4d3 Bc8d7
13.Nc3e4 Nf6d5
14.Bc1d2 h6
15.Ne4c5 Ra8c8
16.Bd2xb4 Qa5xb4
17.Qc2d2 Qb4xd2
18.Rd1xd2 Bd7c6
19.Nf3e5 Nd5b4
20.Ne5xc6 Nb4xc6
21.Nc5xb7 O-O
22.Bd3xa6 Nc6b4
23.Ba6b5 Nb6c4
24.Bb5xc4 Rc8xc4
25.Nb7d6 Rc4c6
26.Nd6b5 Rf8c8
27.Ra1f1 Rc6a6
28.b3 Nb4d5
29.Nb5a3 Rc8c3
{ resign }
0-1

[Event "Tourn. n10120"]
[Site "www.echecsemail.com"]
[Date "2019.05.04"]
[Round "1"]
[White "Bojan"]
[Black "Picifarkinca"]
[WhiteElo "2020"]
[BlackElo "2080"]
[Result "1-0"]
[Round "1"]
1.e4 c5
2.Ng1f3 Nb8c6
3.d4 cxd4
4.Bf1b5 Qd8a5
5.c3 Qa5xb5
6.Nf3xd4 Qb5a6
7.Bc1e3 e6
8.Nb1d2 Nc6xd4
9.Be3xd4 Ng8f6
10.b3 Bf8e7
11.Qd1f3 O-O
12.c4 d6
13.O-O e5
14.Bd4c3 Bc8d7
15.Qf3e3 Qa6c6
16.Kh1 Ra8c8
17.f4 { resign }
1-0

[Event "Tourn. n10120"]
[Site "www.echecsemail.com"]
[Date "2019.05.04"]
[Round "1"]
[White "Fegatux"]
[Black "Picifarkinca"]
[WhiteElo "2290"]
[BlackElo "2100"]
[Result "1-0"]
[Round "1"]
1.d4 e6
2.c4 d5
3.Ng1f3 Ng8f6
4.Nb1c3 c6
5.g3 Nb8d7
6.Bf1g2 Bf8b4
7.O-O O-O
8.Bc1g5 Bb4e7
9.Qd1c2 h6
10.Bg5c1 dxc4
11.a4 Qd8a5
12.Bc1d2 Qa5f5
13.e4 Qf5h7
14.Rf1e1 Nf6d5
15.Nc3xd5 exd5
16.Ra1c1 b5
17.axb5 Bc8b7
18.exd5 { resign }
1-0

[Event "Tourn. n9950"]
[Site "www.echecsemail.com"]
[Date "2019.05.04"]
[Round "1"]
[White "Stepanpech"]
[Black "Obisporey"]
[WhiteElo "2540"]
[BlackElo "2530"]
[Result "1-0"]
[Round "1"]
1.d4 Ng8f6
2.c4 e6
3.Ng1f3 d5
4.Nb1c3 c5
5.cxd5 cxd4
6.Qd1xd4 exd5
7.e4 Nb8c6
8.Bf1b5 dxe4
9.Qd4xd8 Kxd8
10.Nf3g5 Bc8e6
11.O-O Bf8b4
12.Ng5xe4 Nf6xe4
13.Nc3xe4 Ke7
14.Bc1e3 Rh8d8
15.Bb5a4 Kf8
16.a3 Bb4e7
17.Ne4c5 Nc6d4
18.Nc5xb7 Rd8d5
19.b4 Ra8c8
20.Ra1d1 Nd4e2
21.Kh1 Ne2c3
22.Rd1xd5 Nc3xd5
23.Be3c5 Nd5b6
24.Ba4b5 Be6c4
25.Bb5xc4 Nb6xc4
26.Bc5xe7 Kxe7
27.Rf1c1 Rc8b8
28.Rc1xc4 Rb8xb7
29.g3 Kd6
30.Rc4c5 Rb7d7
31.Kg2 g6
32.Kf3 Ke7
33.Ke4 Rd7b7
34.Rc5c6 Kd7
35.Rc6a6 Ke7
36.Kd5 Ke8
37.h4 h5
38.Kc6 Rb7e7
39.a4 Kd8
40.b5 Kc8
41.Kd5 Kb8
42.Ra6f6 Kc7
43.a5 Kb8
44.a6 Kc8
45.f4 Re7d7
46.Kc5 Kb8
47.Kc6 Rd7e7
48.f5 gxf5
49.Rf6h6 Re7c7
50.Kd6 Rc7c8
51.Rh6xh5 Rc8d8
52.Kc6 Rd8g8
53.Kd7 Rg8c8
54.Rh5xf5 { resign }
1-0

[Event "Tourn. n10125"]
[Site "www.echecsemail.com"]
[Date "2019.05.04"]
[Round "1"]
[White "Luban"]
[Black "Picifarkinca"]
[WhiteElo "2140"]
[BlackElo "2150"]
[Result "1-0"]
[Round "1"]
1.d4 e6
2.c4 Ng8f6
3.a3 d5
4.e3 dxc4
5.Bf1xc4 a6
6.Ng1f3 b5
7.Bc4d3 Bc8b7
8.Nb1c3 c5
9.dxc5 Bf8xc5
10.b4 Bc5e7
11.Bd3e2 O-O
12.Bc1b2 { resign }
1-0

[Event "Tourn. n10115"]
[Site "www.echecsemail.com"]
[Date "2019.05.04"]
[Round "1"]
[White "Picifarkinca"]
[Black "Ranjachess"]
[WhiteElo "2080"]
[BlackElo "1910"]
[Result "0-1"]
[Round "1"]
1.Ng1f3 d6
2.g3 h6
3.Bf1g2 Bc8g4
4.d3 e6
5.b3 Bg4xf3
6.Bg2xf3 d5
7.Bc1b2 Ng8f6
8.O-O Bf8e7
9.Nb1d2 O-O
10.c4 c6
11.cxd5 cxd5
12.e4 Qd8a5
13.e5 Nf6d7
14.Nd2c4 Qa5c7
15.Nc4e3 Nd7xe5
16.Bf3g2 Be7f6
{ resign }
0-1

[Event "Tourn. n10116"]
[Site "www.echecsemail.com"]
[Date "2019.05.04"]
[Round "1"]
[White "Bojan"]
[Black "Picifarkinca"]
[WhiteElo "2010"]
[BlackElo "2080"]
[Result "1-0"]
[Round "1"]
1.e4 c5
2.Ng1f3 Nb8c6
3.Nb1c3 e6
4.d3 d5
5.Bc1f4 Bf8d6
6.e5 Bd6b8
7.d4 Qd8b6
8.Nc3b5 Ng8e7
9.Nb5d6 Kf8
10.dxc5 Qb6xc5
11.Nd6xc8 Ne7xc8
12.a3 a5
13.Bf1d3 Nc8e7
14.c3 Ne7g6
15.Bd3xg6 hxg6
16.Qd1e2 a4
17.O-O Bb8c7
18.Rf1e1 Ke7
19.Ra1c1 { resign }
1-0

[Event "Tourn. n10122"]
[Site "www.echecsemail.com"]
[Date "2019.05.04"]
[Round "1"]
[White "Bojan"]
[Black "Picifarkinca"]
[WhiteElo "2050"]
[BlackElo "2100"]
[Result "1-0"]
[Round "1"]
1.d4 f5
2.Nb1d2 Ng8f6
3.f4 e6
4.Ng1f3 Bf8e7
5.e3 O-O
6.h3 d6
7.c4 Qd8e8
8.b3 b6
9.Bc1b2 Bc8b7
10.Bf1d3 Nb8d7
11.Qd1e2 Nf6e4
12.Rh1h2 Qe8h5
13.O-O-O Ne4g3
14.Qe2f2 { resign }
1-0

[Event "Tourn. n10119"]
[Site "www.echecsemail.com"]
[Date "2019.05.04"]
[Round "1"]
[White "Bojan"]
[Black "Picifarkinca"]
[WhiteElo "2030"]
[BlackElo "2080"]
[Result "1-0"]
[Round "1"]
1.e4 e6
2.d4 c5
3.d5 exd5
4.exd5 d6
5.c4 Ng8f6
6.Bf1d3 g6
7.h3 Qd8e7
8.Bc1e3 Bf8g7
9.Ng1e2 O-O
10.Qd1d2 Nb8d7
11.Nb1c3 a6
12.Ne2g3 Nd7e5
13.Bd3e2 Ra8b8
14.a4 Bc8d7
15.f4 Ne5xc4
16.Be2xc4 b5
17.axb5 axb5
18.Bc4e2 Rf8e8
19.Be3f2 { resign }
1-0

[Event "Tourn. n10116"]
[Site "www.echecsemail.com"]
[Date "2019.05.04"]
[Round "1"]
[White "Picifarkinca"]
[Black "Ditto"]
[WhiteElo "2080"]
[BlackElo "1810"]
[Result "0-1"]
[Round "1"]
1.e4 e5
2.f4 Nb8c6
3.Ng1f3 Bf8c5
4.c3 d6
5.d4 exd4
6.cxd4 Bc5b6
7.Bf1b5 a6
8.Bb5a4 Bc8d7
9.O-O Bd7g4
10.Kh1 Qd8f6
11.d5 Ng8e7
{ resign }
0-1

[Event "Tourn. n10119"]
[Site "www.echecsemail.com"]
[Date "2019.05.04"]
[Round "1"]
[White "Picifarkinca"]
[Black "Bira47"]
[WhiteElo "2080"]
[BlackElo "1960"]
[Result "0-1"]
[Round "1"]
1.e4 c5
2.Nb1c3 a6
3.Ng1e2 e6
4.g3 b5
5.Bf1g2 Bc8b7
6.d3 h6
7.O-O Ng8f6
8.f4 Bf8e7
9.Kh1 d5
10.e5 Nf6d7
11.d4 c4
12.Ne2g1 Nd7b6
13.Qd1g4 g6
14.Bc1d2 h5
15.Qg4e2 h4
{ resign }
0-1

[Event "Tourn. n10122"]
[Site "www.echecsemail.com"]
[Date "2019.05.04"]
[Round "1"]
[White "Picifarkinca"]
[Black "Fantomas"]
[WhiteElo "2130"]
[BlackElo "2260"]
[Result "0-1"]
[Round "1"]
1.Ng1f3 d5
2.g3 Nb8c6
3.Bf1g2 e5
4.d3 h6
5.O-O Ng8f6
6.c3 Bf8d6
7.Nb1d2 O-O
8.Qd1c2 Bc8f5
9.Qc2b3 Nc6a5
10.Qb3a4 c5
11.b4 Bf5d7
12.Qa4xa5 cxb4
13.Qa5xd8 Rf8xd8
14.cxb4 Bd6xb4
15.Ra1b1 Bb4xd2
16.Nf3xd2 Bd7c6
17.Bc1b2 Nf6d7
{ resign }
0-1

[Event "Tourn. n10125"]
[Site "www.echecsemail.com"]
[Date "2019.05.04"]
[Round "1"]
[White "Picifarkinca"]
[Black "Mitja"]
[WhiteElo "2160"]
[BlackElo "2050"]
[Result "0-1"]
[Round "1"]
1.Ng1f3 d5
2.c4 dxc4
3.e3 e6
4.Bf1xc4 c6
5.a4 b6
6.O-O Bc8b7
7.d4 h6
8.Qd1e2 Ng8f6
{ resign }
0-1

[Event "Tourn. n10125"]
[Site "www.echecsemail.com"]
[Date "2019.05.04"]
[Round "1"]
[White "Mitja"]
[Black "Bojan"]
[WhiteElo "2050"]
[BlackElo "2030"]
[Result "1/2-1/2"]
[Round "1"]
1.d4 d5
2.e3 Nb8d7
3.c3 a6
4.h3 c6
5.Ng1f3 Qd8c7
6.b3 e6
7.Bc1b2 Ng8f6
8.Nb1d2 Bf8d6
9.Bf1e2 Nf6e4
10.Nd2xe4 dxe4
11.Nf3d2 f5
12.Be2h5 g6
13.Bh5e2 Nd7f6
14.Nd2c4 Bd6e7
15.Qd1c2 Nf6d5
16.Qc2d2 b5
17.Nc4e5 Be7d6
18.c4 Nd5f6
19.c5 Bd6xe5
20.dxe5 Nf6d5
21.Bb2d4 Bc8b7
22.f4 a5
23.O-O h6
24.g3 Kf7
25.Kf2 Ra8g8
26.a3 g5
27.Rf1g1 Bb7c8
28.a4 b4
29.Rg1h1 h5
30.Ra1g1 g4
31.h4 Rg8d8
32.Qd2c2 Qc7a7
33.Rg1d1 Rd8d7
34.Rd1d2 Rh8d8
{ draw }
1/2-1/2

[Event "Tourn. n10109"]
[Site "www.echecsemail.com"]
[Date "2019.05.04"]
[Round "1"]
[White "Picifarkinca"]
[Black "Malbertan"]
[WhiteElo "2070"]
[BlackElo "1960"]
[Result "0-1"]
[Round "1"]
1.e4 e5
2.Ng1f3 Nb8c6
3.Bf1b5 Ng8f6
4.d3 Nc6d4
5.Nf3xd4 exd4
6.O-O c6
7.Bb5a4 d6
8.c3 dxc3
9.bxc3 Bf8e7
10.Rf1e1 O-O
11.h3 Nf6d7
12.d4 Nd7b6
13.Ba4b3 Bc8e6
14.Nb1d2 Be7f6
15.f4 Bf6h4
16.Re1f1 Qd8d7
17.f5 Be6xb3
18.axb3 Bh4f6
19.g4 c5
20.Nd2f3 Rf8e8
{ resign }
0-1

[Event "Tourn. n10110"]
[Site "www.echecsemail.com"]
[Date "2019.05.04"]
[Round "1"]
[White "Apdash"]
[Black "Picifarkinca"]
[WhiteElo "2180"]
[BlackElo "2070"]
[Result "1-0"]
[Round "1"]
1.e4 e5
2.Ng1f3 Nb8c6
3.Bf1b5 a6
4.Bb5xc6 dxc6
5.Nf3xe5 Qd8d4
6.Ne5xf7 Kxf7
7.Qd1f3 Qd4f6
8.Qf3e2 Bc8e6
9.O-O Bf8c5
10.c3 g6
11.d4 Bc5b6
12.f4 Bb6xd4
13.cxd4 Qf6xd4
14.Kh1 Be6c4
15.Rf1d1 Bc4xe2
16.Rd1xd4 Ng8e7
17.Nb1c3 Be2g4
18.h3 Bg4e6
19.Bc1e3 Rh8d8
20.Ra1d1 Ke8
21.g4 Rd8xd4
22.Be3xd4 { resign }
1-0

[Event "Tourn. n10110"]
[Site "www.echecsemail.com"]
[Date "2019.05.04"]
[Round "1"]
[White "Picifarkinca"]
[Black "Souricette64"]
[WhiteElo "2070"]
[BlackElo "2080"]
[Result "1-0"]
[Round "1"]
1.e4 c5
2.Ng1e2 Nb8c6
3.Nb1c3 e6
4.g3 g6
5.Bf1g2 Bf8g7
6.d3 Ng8e7
7.f4 d6
8.O-O O-O
9.Bc1e3  { time }
1-0

[Event "Tourn. n10116"]
[Site "www.echecsemail.com"]
[Date "2019.05.04"]
[Round "1"]
[White "Estonia"]
[Black "Picifarkinca"]
[WhiteElo "1960"]
[BlackElo "2080"]
[Result "1-0"]
[Round "1"]
1.e4 c5
2.f4 Nb8c6
3.Ng1f3 d6
4.Bf1b5 Bc8d7
5.Nb1c3 e6
6.O-O Qd8b6
7.Bb5xc6 Bd7xc6
8.d4 Ng8f6
9.Rf1e1 d5
10.e5 Nf6d7
11.Nc3e2 cxd4
12.Kh1 Bf8c5
13.Ne2xd4 Bc6b5
14.c3 Bb5a6
15.b4 Bc5xd4
16.Nf3xd4 Ba6c4
17.Bc1e3 Qb6c7
18.Qd1g4 O-O
19.Nd4f3 { resign }
1-0

[Event "Tourn. n10113"]
[Site "www.echecsemail.com"]
[Date "2019.05.04"]
[Round "1"]
[White "Bojan"]
[Black "Luban"]
[WhiteElo "2030"]
[BlackElo "2140"]
[Result "1/2-1/2"]
[Round "1"]
1.e4 c5
2.Ng1f3 d6
3.d4 cxd4
4.Nf3xd4 Ng8f6
5.f3 e6
6.Bc1d2 Bf8e7
7.c4 Bc8d7
8.Bd2e3 Nb8c6
9.b3 O-O
10.Qd1d2 d5
11.Bf1d3 Be7b4
12.Nb1c3 dxe4
13.Bd3c2 Qd8a5
14.Nd4e2 Ra8d8
15.Bc2xe4 Nf6xe4
16.fxe4 e5
17.O-O Bd7g4
18.Qd2b2 Bg4xe2
19.Nc3xe2 Bb4c5
20.Be3xc5 Rd8d2
21.Qb2a3 Qa5xa3
22.Bc5xa3 Rf8d8
23.Ne2g3 g6
24.Ba3c5 Rd2c2
25.Rf1f2 Rd8d2
26.Rf2xd2 Rc2xd2
27.Kf1 b6
28.Bc5e3 Rd2c2
29.Ng3e2 Kg7
30.h4 Nc6b4
31.a3 Nb4a2
32.Ke1 Na2c3
33.Be3d2 Nc3xe4
34.Bd2c1 Ne4c3
35.Ne2xc3 Rc2xc3
36.Ra1b1 Rc3g3
37.Kf2 Rg3g4
38.g3 h5
39.Bc1e3 f5
40.Kf3 f4
41.Be3f2 e4
42.Kg2 g5
43.hxg5 Kg6
44.Rb1d1 fxg3
45.Bf2xg3 h4
46.Kh3 Rg4xg3
47.Kxh4 Rg3xb3
48.Rd1d6 Kf5
49.Rd6f6 Ke5
50.Rf6f8 Rb3f3
51.Rf8xf3 exf3
52.Kg3 Kf5
53.Kxf3 { draw }
1/2-1/2

[Event "Tourn. n10113"]
[Site "www.echecsemail.com"]
[Date "2019.05.04"]
[Round "1"]
[White "Picifarkinca"]
[Black "Luban"]
[WhiteElo "2080"]
[BlackElo "2140"]
[Result "0-1"]
[Round "1"]
1.e4 c5
2.Nb1c3 d6
3.Ng1e2 Nb8c6
4.g3 Bc8g4
5.Bf1g2 Nc6d4
6.O-O Bg4xe2
7.Nc3xe2 Nd4xe2
8.Qd1xe2 a6
9.e5 d5
10.e6 fxe6
11.Qe2xe6 Ng8f6
12.d3 Ra8c8
13.Bc1g5 Rc8c6
14.Qe6e2 Qd8d6
15.Bg5xf6 gxf6
16.Qe2h5 Kd7
{ resign }
0-1

[Event "Tourn. n10117"]
[Site "www.echecsemail.com"]
[Date "2019.05.04"]
[Round "1"]
[White "Picifarkinca"]
[Black "Luban"]
[WhiteElo "2080"]
[BlackElo "2140"]
[Result "0-1"]
[Round "1"]
1.d4 d5
2.e4 dxe4
3.Nb1c3 e6
4.Nc3xe4 Ng8f6
5.Bc1g5 Bf8e7
6.Ne4xf6 Be7xf6
7.Bg5xf6 Qd8xf6
8.Ng1f3 O-O
9.Bf1d3 Nb8d7
10.O-O c5
11.Rf1e1 Kh8
12.Nf3e5 cxd4
13.f4 Qf6xf4
14.Ne5f3 Nd7f6
15.Nf3e5 Bc8d7
{ resign }
0-1

[Event "Tourn. n10116"]
[Site "www.echecsemail.com"]
[Date "2019.05.04"]
[Round "1"]
[White "Picifarkinca"]
[Black "Malbertan"]
[WhiteElo "2080"]
[BlackElo "1980"]
[Result "0-1"]
[Round "1"]
1.Ng1f3 Nb8c6
2.d4 d5
3.c3 Bc8g4
4.e3 e5
5.dxe5 Nc6xe5
6.Bf1e2 Ne5xf3
7.Be2xf3 Bg4xf3
8.Qd1xf3 c6
9.O-O Ng8f6
10.Rf1d1 Bf8d6
11.Nb1d2 Qd8c7
12.Nd2f1 O-O-O
13.Nf1g3 h5
14.Qf3f5 Kb8
15.Ng3f1 Nf6e4
16.f3 g6
{ resign }
0-1

[Event "Tourn. n10098"]
[Site "www.echecsemail.com"]
[Date "2019.05.04"]
[Round "1"]
[White "Andychesston"]
[Black "Picifarkinca"]
[WhiteElo "2000"]
[BlackElo "2170"]
[Result "1-0"]
[Round "1"]
1.e4 e5
2.Ng1f3 Nb8c6
3.d4 exd4
4.Nf3xd4 Bf8c5
5.Bc1e3 Qd8f6
6.c3 Ng8e7
7.Bf1e2 Nc6xd4
8.cxd4 Bc5b4
9.Nb1c3 Ne7c6
10.O-O Bb4xc3
11.bxc3 d6
12.d5 Nc6b8
13.Be3d4 Qf6e7
14.Bd4xg7 Rh8g8
15.Qd1d4 Qe7g5
16.g3 Qg5xg7
17.Qd4xg7 Rg8xg7
18.f3 Nb8d7
19.Be2b5 a6
20.Bb5a4 b5
21.Ba4b3 Nd7c5
22.Bb3c2 Bc8h3
23.Rf1f2 Bh3d7
24.Kf1 Bd7h3
25.Ke2 Bh3d7
26.Ke3 O-O-O
27.Kd4 Bd7h3
28.g4 h5
29.e5 { resign }
1-0

[Event "Tourn. n10117"]
[Site "www.echecsemail.com"]
[Date "2019.05.04"]
[Round "1"]
[White "Picifarkinca"]
[Black "Ff333"]
[WhiteElo "2080"]
[BlackElo "2060"]
[Result "0-1"]
[Round "1"]
1.e4 e5
2.f4 d6
3.Ng1f3 Bc8g4
4.Bf1c4 Ng8f6
5.Nb1c3 c6
6.d4 Bg4xf3
7.gxf3 exd4
8.Qd1xd4 Bf8e7
{ resign }
0-1

[Event "Tourn. n10113"]
[Site "www.echecsemail.com"]
[Date "2019.05.04"]
[Round "1"]
[White "Picifarkinca"]
[Black "Coolant"]
[WhiteElo "2080"]
[BlackElo "2280"]
[Result "0-1"]
[Round "1"]
1.Ng1f3 c5
2.g3 Nb8c6
3.Bf1g2 d5
4.d3 e5
5.Nb1d2 Bf8d6
6.O-O Ng8e7
7.c3 O-O
8.e4 Bc8e6
9.Nf3g5 Qd8d7
10.Ng5xe6 Qd7xe6
11.exd5 Ne7xd5
12.Bg2xd5 Qe6xd5
13.Nd2e4 Ra8d8
14.Bc1g5 f6
15.Bg5e3 b6
16.Ne4xd6 Rd8xd6
{ resign }
0-1

[Event "Tourn. n10117"]
[Site "www.echecsemail.com"]
[Date "2019.05.04"]
[Round "1"]
[White "Bojan"]
[Black "Picifarkinca"]
[WhiteElo "2030"]
[BlackElo "2080"]
[Result "1-0"]
[Round "1"]
1.e4 c5
2.Ng1f3 Nb8c6
3.Bf1b5 Qd8b6
4.Qd1e2 a6
5.Bb5a4 Qb6c7
6.c3 b5
7.Ba4c2 Bc8b7
8.d3 d6
9.h3 e6
10.Bc1e3 g6
11.Nf3h2 Bf8g7
12.Nb1d2 Ng8e7
13.f4 O-O
14.Nh2f3 b4
15.c4 Nc6d4
16.Nf3xd4 cxd4
17.Be3f2 a5
18.Rh1g1 { resign }
1-0

[Event "Tourn. n10109"]
[Site "www.echecsemail.com"]
[Date "2019.05.04"]
[Round "1"]
[White "Malbertan"]
[Black "Dussek"]
[WhiteElo "1940"]
[BlackElo "1940"]
[Result "1-0"]
[Round "1"]
1.e4 c6
2.d4 d5
3.e5 Bc8f5
4.g4 Bf5g6
5.h4 h6
6.Ng1e2 e6
7.Ne2f4 Bg6h7
8.g5 Nb8d7
9.g6 fxg6
10.Qd1g4 Ng8e7
11.Nf4xe6 Qd8c8
12.Ne6xf8 Nd7xf8
13.Qg4xc8 Ra8xc8
14.c4 Nf8e6
15.Bc1e3 Ne7f5
16.Nb1c3 Nf5xe3
17.fxe3 O-O
18.cxd5 cxd5
19.Nc3xd5 Rf8f7
20.Bf1h3 Rc8e8
21.Bh3xe6 Re8xe6
22.Nd5f4 Re6c6
23.Kd2 g5
24.hxg5 hxg5
25.Nf4d3 g4
26.d5 Rc6c8
27.Ra1f1 g3
28.Rf1xf7 Kxf7
29.Rh1g1 g2
30.Rg1xg2 Bh7e4
31.e6 Kf6
32.Rg2f2 Kg6
33.d6 { resign }
1-0

[Event "Tourn. n10125"]
[Site "www.echecsemail.com"]
[Date "2019.05.04"]
[Round "1"]
[White "Apdash"]
[Black "Picifarkinca"]
[WhiteElo "2100"]
[BlackElo "2160"]
[Result "1-0"]
[Round "1"]
1.e4 c5
2.Ng1f3 Nb8c6
3.Bf1b5 e6
4.O-O Ng8f6
5.e5 Nf6d5
6.Rf1e1 Bf8e7
7.c4 Nd5c7
8.Bb5xc6 dxc6
9.d4 cxd4
10.Nf3xd4 { resign }
1-0

[Event "Tourn. n10098"]
[Site "www.echecsemail.com"]
[Date "2019.05.04"]
[Round "1"]
[White "Andychesston"]
[Black "Coolant"]
[WhiteElo "2000"]
[BlackElo "2300"]
[Result "0-1"]
[Round "1"]
1.e4 c5
2.Ng1f3 e6
3.Bf1b5 a6
4.Bb5c4 b5
5.Bc4e2 Bc8b7
6.d3 d5
7.e5 Nb8c6
8.Bc1f4 Ng8e7
9.O-O Ne7g6
10.Bf4g3 h5
11.h3 h4
12.Bg3h2 Qd8c7
13.Nb1d2 Nc6xe5
14.Kh1 Bf8d6
15.Nf3g5 O-O-O
16.f4 Ne5c6
17.f5 exf5
18.Bh2xd6 Rd8xd6
19.Rf1xf5 f6
20.Be2g4 Kd8
21.Ng5f3 Ng6e5
22.Nf3xe5 Nc6xe5
23.Qd1e2 Bb7c8
24.Rf5h5 Rh8xh5
25.Bg4xc8 Rh5g5
26.Bc8g4 Ne5xg4
27.hxg4 Qc7d7
28.Ra1f1 Qd7xg4
29.Nd2f3 h3
30.Qe2d2 Qg4xg2
31.Qd2xg2 hxg2
{ resign }
0-1

[Event "Tourn. n10120"]
[Site "www.echecsemail.com"]
[Date "2019.05.04"]
[Round "1"]
[White "Picifarkinca"]
[Black "Apdash"]
[WhiteElo "2100"]
[BlackElo "2180"]
[Result "0-1"]
[Round "1"]
1.Ng1f3 Ng8f6
2.g3 d5
3.Bf1g2 c5
4.O-O Nb8c6
5.d3 e5
6.Nb1d2 Bc8g4
7.c4 Bf8e7
8.Qd1b3 Qd8d7
9.cxd5 Nf6xd5
10.Nf3xe5 Nc6xe5
11.Bg2xd5 O-O
12.Nd2f3 Ne5xf3
13.exf3 Bg4h3
14.Rf1e1 Ra8b8
15.Bc1f4 Be7d6
16.Bf4xd6 Qd7xd6
{ resign }
0-1

[Event "Tourn. n10112"]
[Site "www.echecsemail.com"]
[Date "2019.05.04"]
[Round "1"]
[White "Picifarkinca"]
[Black "Bojan"]
[WhiteElo "2040"]
[BlackElo "2050"]
[Result "0-1"]
[Round "1"]
1.g3 c6
2.Bf1g2 Ng8f6
3.b3 e5
4.Bc1b2 d6
5.c4 Qd8b6
6.e3 d5
7.cxd5 Bf8d6
8.dxc6 Nb8xc6
9.Nb1c3 Bc8d7
10.Ng1e2 Nc6b4
11.d4 Ra8d8
12.O-O Bd7e6
13.a3 Nb4c6
14.b4 Nc6e7
15.d5 Be6g4
16.e4 Rd8c8
17.Qd1d3 Bg4d7
18.Kh1 h5
19.f4 h4
20.f5 hxg3
21.Qd3xg3 Rh8g8
22.Qg3g5 Kd8
{ resign }
0-1

[Event "Match"]
[Site "www.echecsemail.com"]
[Date "2019.05.04"]
[Round "1"]
[White "Apdash"]
[Black "Joseph1983"]
[WhiteElo "2110"]
[BlackElo "2160"]
[Result "0-1"]
[Round "1"]
1.e4 c5
2.Ng1f3 d6
3.d4 cxd4
4.Nf3xd4 Ng8f6
5.Nb1c3 g6
6.Bf1c4 Bf8g7
7.O-O O-O
8.Bc4b3 Nb8c6
9.Nd4xc6 bxc6
10.Bc1g5 Qd8a5
11.Qd1d2 Rf8e8
12.f4 Bc8a6
13.Rf1f3 Nf6d7
14.f5 Nd7e5
15.Rf3h3 Ba6c4
16.Bg5h6 Bg7h8
17.fxg6 fxg6
18.Bh6f4 Bc4xb3
19.cxb3 Qa5c5
20.Bf4e3 Qc5a5
21.Be3d4 Bh8g7
22.Bd4e3 Ne5g4
23.Be3d4 Bg7xd4
24.Qd2xd4 e5
25.Qd4d2 Qa5c5
26.Kf1 Re8f8
27.Ke1 Qc5g1
{ resign }
0-1

[Event "Tourn. n10125"]
[Site "www.echecsemail.com"]
[Date "2019.05.04"]
[Round "1"]
[White "Picifarkinca"]
[Black "Bojan"]
[WhiteElo "2150"]
[BlackElo "2040"]
[Result "0-1"]
[Round "1"]
1.b3 f6
2.Bc1b2 e5
3.g3 c6
4.Bf1g2 d5
5.d3 Qd8b6
6.Nb1d2 Ng8h6
7.e3 Qb6a5
8.Ng1e2 Bc8e6
9.O-O Nb8d7
10.c4 dxc4
11.dxc4 Ra8d8
{ resign }
0-1